| 000 | 00692nam a2200229 a 4500 | ||
|---|---|---|---|
| 001 | 72384 | ||
| 003 | BD-RjUL | ||
| 005 | 20211209082244.0 | ||
| 008 | 170517s1968 nyu b 001 0 eng | ||
| 035 | _a(BD-RjUL)72601 | ||
| 040 |
_aDLC _cDLC _dBD-RjUL _beng |
||
| 041 | _aeng | ||
| 082 | 0 | 0 |
_a301.45296073 _223 _bTES 1968 |
| 100 | 1 |
_aTeller, Judd L., _d1912- _9214073 |
|
| 245 | 1 | 0 |
_aStrangers and natives : _bthe evolution of the American Jew from 1921 to the present / _cJudd L. Teller. |
| 260 |
_aNew York : _bDelacorte Press, _c1968. |
||
| 300 |
_ax, 308 p. ; _c24 cm. |
||
| 500 | _aIncludes index | ||
| 650 | 0 |
_aJews _zUnited States. _9129025 |
|
| 942 |
_2ddc _cBK |
||
| 999 |
_c72384 _d72384 |
||